01602nam a2200385 a 4500001001000000003000500010005001700015008004100032010001100073011001100084040000900095090001000104100003500114245012200149260004100271500006000312502009400372590003700466590004100503590004000544590004000584590004000624650004100664650003600705650003600741650003500777856001600812856007000828901000700898942001000905942000600915999001900921952014000940952013601080000110925CHAP20220329144151.0141024s2014 mx sm |||||||spa d a107387 a108359 cCHAP aTesis1 aCervantes Parra, Jaime912868610aContenido Energetico de nueve genotipos de higuerilla (Ricinus communis L.)h[En línea]cpor Jaime Cervantes Parra. aChapingo, Méx. :bEl autor,c2014. aPara ver el contenido del material haga clic en la liga aTesis (Ing. Agr. Esp. en Forestal ) -- UACH. Departamento Division de Ciencias Forestales aBATCHb00c20181121lUCH01h0759 aE11695DGDb10c20141027lUCH01h0813 aE5765TAJb05c20141024lUCH01h0931 aE5765TAJb05c20141024lUCH01h0931 aE5765TAJb05c20141024lUCH01h094814aBiocombustiblesxAnálisis.912734314aHiguerillaxGenética.912868714aHiguerillaxRendimiento.95536914aHiguerillaxVariedades.955370 a1 n0001530 aFinding aiduhttp://10.13.5.2/tesis/sist110925.pdfzTeclea aquí aBK cTESIS n0 c107387d107387 00102local4053708TESISaBCbBCcPA_TESISd2014-10-24fTESISl0oTesisp33724002426124r2019-12-31 00:00:00tc.2w2019-12-31yTESIS 00104054718TESISaBCbBCd2014-10-24fTESISl0oTesisp33724002426165r2019-12-31 00:00:00w2019-12-31yTESISzRecien adquirido